Conciencia, reflexión y colectivización
Guardat en:
| Autor principal: | |
|---|---|
| Format: | Llibre |
| Idioma: | Undetermined |
| Publicat: |
Buenos Aires, Argentina
Columba
1968
|
| Matèries: | |
| Etiquetes: |
Afegir etiqueta
Sense etiquetes, Sigues el primer a etiquetar aquest registre!
|
MARC
| LEADER | 00000nam a2200000Ia 4500 | ||
|---|---|---|---|
| 008 | 170316s9999 xx 000 0 und d | ||
| 090 | |a 100 T-9c | ||
| 100 | |a Thys, Albert | ||
| 245 | |a Conciencia, reflexión y colectivización | ||
| 260 | |a Buenos Aires, Argentina | ||
| 260 | |b Columba | ||
| 260 | |c 1968 | ||
| 300 | |a 122 páginas | ||
| 650 | |a FILOSOFÍA MEDIEVAL | ||
| 999 | |c 17809 |d 17809 | ||
| 040 | |a cru BVZT | ||
| 942 | |c 15 D |h 100 T-9c |2 z | ||
